000 00281nam a22001217a 4500
082 _a001
_bMEH/I
100 _aMEHTA,ANURAG
245 _aINDIA AFTER INDEPENDENCE FOR CHILDREN
260 _aNEW DELHI
_bNITA MEHTA
300 _a216
650 _aGENERAL KNOWLEDGE
_zINDIA
942 _cBK
999 _c2682
_d2682